| 000 | 00702nam a2200253 a 4500 | ||
|---|---|---|---|
| 001 | BRCA_5993 | ||
| 005 | 20190320205306.0 | ||
| 008 | 290311s1947----enka######---#000-0#eng-# | ||
| 041 | _aeng | ||
| 044 | _aenk | ||
| 050 | 4 |
_aNK7144 _b.O43 1947 |
|
| 100 | 1 |
_aOman, Charles _d1901-1982 _915137 |
|
| 245 | 1 | 0 |
_aEnglish domestic silver _cby Charles Oman. |
| 250 | _a2 | ||
| 260 |
_aLondres _bAdam & Charles Black _c1947 |
||
| 300 |
_axii, 232 p. _bil., 24 láminas _c21 cm. |
||
| 500 | _aIncluye índice alfabético | ||
| 500 | _aEstado físico: Camisa deteriorada | ||
| 500 | _aG104 | ||
| 504 | _aBibliografía: p. 225-226 | ||
| 650 | 1 | 4 |
_aPlatería inglesa _97768 |
| 902 | _aGFM | ||
| 942 |
_2lcc _cB |
||
| 999 |
_c5682 _d5682 |
||